000 01208nam a2200313 i 4500
003 DO-SdBNP
005 20240213091649.0
007 ta
008 240213s2023 dr 000 p spa d
020 _a9789945186642
040 _aDO-SdBNP
_bspa
_cBNPHU
_erda
082 _bR457
_222
100 _aReyes Vargas, Julio
_953966
245 1 0 _aPanales del madrigal /
_cJulio Reyes Vargas ; prólogo Sergio Morett Manjarrez ; opiniones de intelectuales Emma Rosa Gómez Haaz, Gloria Cordero Hache, Ramón de Jesús Hernández Olivares, Nilsa Castillo
264 1 _aSanto Domingo :
_bSoto Castillo,
_c2023.
300 _a148 páginas,
_c23 cm.
336 _2rdacontent
_atexto
_btxt
337 _2rdamedia
_asin mediación
_bn
338 _2rdacarrier
_avolumen
_bnc
500 _aIncluye datos biográficos del autor en las solapas.
590 _aInventariado, 2024/ YL
700 1 _aMorett Manjarrez, Sergio
_eprólogo
_984905
700 1 _aGómez Haaz, Emma Rosa
_eopinión
_984906
700 1 _aCordero Hache, Gloria
_eopinión
_984907
700 1 _aHernández Olivares, Ramón de Jesús
_eopinión
_984908
700 1 _aCastillo, Nilsa
_eopinión
_984909
910 _aYLockward
942 _2ddc
_cLBS1
999 _c55932
_d55932